01320 2200265 4500001002100000005001500021035002000036007000300056008004100059020002200100082001200122084002100134100003500155245011900190250002100309300004300330650001800373520051800391264003900909336002100948337003000969338002300999990001601022990001601038INLIS00000000116385820240506113841 a0010-0424000026ta240506 b j ind  a978-623-88874-6-0 a808.301 aSR 808.301 EME p0 aEmerik Meir Jiwa Majoepenulis1 aPersahabatan di negeri dongeng :bkisah anak-anak yang bertemu dengan tokoh-tokoh dongeng /cEmerik Meir Jiwa Majo aCetakan I - 2024 aviii, 78 halaman :bilustrasi ;c21 cm 4aCerita Pendek aDalam buku ini, kita diajak menjelajahi dunia imajinasi yang kaya dan penuh warna melalui kisah-kisah persahabatan yang memikat hati. Setiap cerita dalam buku ini menggambarkan petualangan unik dan menarik yang dialami oleh anak-anak dalam situasi yang berbeda-beda. Dari petualangan di pulau misterius hingga pengalaman ajaib di dunia dongeng, buku ini menawarkan jendela ke dunia imajinasi yang tidak hanya menghibur tetapi juga mengajarkan nilai-nilai penting tentang keberanian, persahabatan dan kebaikan hati aYogyakarta :bCalibri Media,c2024 2rdacontentaTeks 2rdamediaaTanpa perantara 2rdacarrieraVolume a52723.65543 a52724.65544